[Event "Atina Open og KM 2025"]
[Site "Amager"]
[Date "2025.11.14"]
[Round "2.8"]
[White "Iskos, Lukas"]
[Black "Jaksland, Tim"]
[Result "0-1"]
[WhiteElo "2136"]
[BlackElo "2102"]
[WhiteFideId "1461613"]
[BlackFideId "1401084"]
[EventDate "2025.11.14"]
[EventType "swiss"]
[EventRounds "7"]
[EventCountry "DEN"]
[SourceTitle "Live v. Kasper Jerwiarz"]

1. d4 Nf6 2. Nf3 e6 3. Bf4 b6 4. e3 Be7 5. Nbd2 O-O 6. Bd3 c5 7. c3 Ba6 8. c4 d5 9. O-O Nh5 10. Bxb8 Qxb8 11. Ne5 Nf6 12. Qa4 Qc8 13. Rfc1 dxc4 14. Ndxc4 b5 15. Qa5 bxc4 16. Bxc4 Bxc4 17. Rxc4 Qb7 18. Rac1 cxd4 19. exd4 Qxb2 20. Qc7 Nd5 21. Qc6 g6 22. Qa4 Nb6 0-1

[Event "Atina Open og KM 2025"]
[Site "Amager"]
[Date "2025.11.14"]
[Round "2.9"]
[White "Nielsen, Lars Aaes"]
[Black "Moustgaard, Vitus"]
[Result "1-0"]
[WhiteElo "2149"]
[BlackElo "2030"]
[WhiteFideId "1401726"]
[BlackFideId "1488023"]
[EventDate "2025.11.14"]
[EventType "swiss"]
[EventRounds "7"]
[EventCountry "DEN"]
[SourceTitle "Live v. Kasper Jerwiarz"]

1. e4 d6 2. d4 Nf6 3. Nc3 g6 4. Be2 Bg7 5. Be3 O-O 6. g4 e5 7. g5 Nfd7 8. d5 f5 9. gxf6 Nxf6 10. h4 h6 11. Qd2 Kh7 12. O-O-O Bd7 13. Nh3 b5 14. Ng5+ Kg8 15. Ne6 Bxe6 16. dxe6 Kh7 17. Bxb5 c6 18. Bc4 Ng4 19. Qxd6 Qa5 20. e7 Re8 21. Qd8 1-0

[Event "Atina Open og KM 2025"]
[Site "Amager"]
[Date "2025.11.14"]
[Round "2.10"]
[White "Andries, Leia"]
[Black "Jarlskov, Daniel Tuk Hartso"]
[Result "1/2-1/2"]
[WhiteElo "1843"]
[BlackElo "2183"]
[WhiteFideId "1469207"]
[BlackFideId "1463896"]
[EventDate "2025.11.14"]
[EventType "swiss"]
[EventRounds "7"]
[EventCountry "DEN"]
[SourceTitle "Live v. Kasper Jerwiarz"]

1. e4 c6 2. d4 d5 3. e5 c5 4. Nf3 Nc6 5. c4 e6 6. Nc3 cxd4 7. Nxd4 Bb4 8. Nxc6 bxc6 9. cxd5 Bxc3+ 10. bxc3 cxd5 11. Be2 Ne7 12. O-O O-O 13. Bd3 Qc7 14. Qe2 Qxc3 15. Bb2 Qb4 16. a4 Qb7 17. Ba3 Qd7 18. Bb5 Qd8 19. Rab1 a6 20. Bd3 f5 21. f4 Rf7 22. Rf3 Nc6 23. Rh3 Rb8 24. Rc1 Nd4 25. Qf2 Nb3 26. Rb1 Bd7 27. Bxa6 Bxa4 28. Bd6 Rb6 29. Be2 Nd4 30. Rxb6 Qxb6 31. Bf1 Rb7 32. Kh1 Nb5 33. Bc5 Qd8 34. Re3 d4 35. Rd3 Rd7 36. Rd2 Rd5 37. Bb4 d3 38. g3 Bc2 39. Bg2 Rd4 40. Bc5 Rc4 41. Bc6 Nc3 42. Bb6 Qc8 43. Bg2 Ne2 44. Qe3 Ra4 45. h3 Qc3 46. Kh2 Ra6 47. Rxe2 Qb4 48. Rd2 Qxb6 49. Qf3 Qb4 50. Qe3 h6 51. Bf1 Ra3 52. Bxd3 Bxd3 53. Rxd3 Qb2+ 54. Rd2 Qb4 55. Qf2 Kh7 56. Rb2 Qa4 57. Rd2 Qb3 58. Rb2 Qd1 59. Rd2 Qa1 60. h4 h5 61. Qe2 Kh6 62. Qf2 Ra6 63. Rc2 Qd1 64. Rd2 Qg4 65. Rc2 Ra1 66. Rd2 Ra3 67. Rd6 Rf3 68. Qg2 Re3 69. Rd2 Qg6 70. Rc2 Ra3 71. Rd2 Qe8 72. Rc2 Qa4 73. Rd2 Ra1 74. Rb2 Qa3 75. Rd2 Qc1 76. Rc2 Qa3 1/2-1/2

[Event "Atina Open og KM 2025"]
[Site "Amager"]
[Date "2025.11.14"]
[Round "2.11"]
[White "Thorsbro, Peter"]
[Black "Kushyk, Denys"]
[Result "1-0"]
[WhiteElo "2144"]
[BlackElo "1962"]
[WhiteFideId "1406671"]
[BlackFideId "34149066"]
[EventDate "2025.11.14"]
[EventType "swiss"]
[EventRounds "7"]
[EventCountry "DEN"]
[SourceTitle "Live v. Kasper Jerwiarz"]

1. d4 Nf6 2. c4 e6 3. Nc3 d5 4. cxd5 exd5 5. Bg5 c6 6. e3 Be7 7. Bd3 O-O 8. Qc2 Nbd7 9. Nge2 Re8 10. O-O Nf8 11. Rad1 g6 12. Kh1 Ne4 13. Bxe7 Qxe7 14. Bxe4 dxe4 15. d5 Bd7 16. Rd4 cxd5 17. Nxd5 Qe5 18. Nec3 Rac8 19. Rxe4 Qxd5 20. Nxd5 Rxc2 21. Nf6+ Kg7 22. Nxe8+ Bxe8 23. Rxe8 Rxb2 24. Re7 b5 25. Rxa7 Ne6 26. Kg1 Nc5 27. f3 Re2 28. e4 Nd3 29. Rd1 Nf4 30. Rdd7 Rxg2+ 31. Kf1 Kh6 32. Rxf7 Kg5 33. Rxf4 1-0

[Event "Atina Open og KM 2025"]
[Site "Amager"]
[Date "2025.11.14"]
[Round "2.12"]
[White "Brorsen, Jacob Abildlund"]
[Black "Slater Jones, Henry"]
[Result "1/2-1/2"]
[WhiteElo "2127"]
[BlackElo "1978"]
[WhiteFideId "1411233"]
[BlackFideId "3222101"]
[EventDate "2025.11.14"]
[EventType "swiss"]
[EventRounds "7"]
[EventCountry "DEN"]
[SourceTitle "Live v. Kasper Jerwiarz"]

1. e4 e5 2. Nf3 Nc6 3. Bb5 a6 4. Ba4 Nf6 5. O-O Be7 6. d3 b5 7. Bb3 d6 8. c3 O-O 9. a4 Bb7 10. Re1 h6 11. Nbd2 Re8 12. Nf1 Bf8 13. Ng3 d5 14. exd5 Nxd5 15. d4 bxa4 16. Bxa4 exd4 17. Rxe8 Qxe8 18. cxd4 Nb6 19. Bb3 Nb4 20. Ne5 Bd5 21. Bxd5 N6xd5 22. Be3 c5 23. Nc4 Nxe3 24. Nxe3 Rd8 25. d5 Nxd5 26. Nxd5 Qe5 27. Qc1 Qxd5 28. Rxa6 Rb8 29. Ra1 Qe5 30. Rb1 Be7 31. b3 Rb4 32. Qc2 Bf6 33. Nf1 Qc3 34. Qf5 Rxb3 35. Qc8+ Kh7 36. Rxb3 Qxb3 37. Qxc5 Qc3 38. Qf5+ g6 39. Qg4 Qd4 40. Qe2 Kg7 41. g3 Qe5 42. Qd1 Qd4 43. Qf3 h5 44. Kg2 Qe5 45. h4 Be7 46. Ne3 Bf6 47. Nd5 Qd6 48. Qe4 Qe5 49. Qf3 Qd6 50. Qb3 Qc6 51. Qd3 Qe6 52. Nxf6 1/2-1/2

[Event "Atina Open og KM 2025"]
[Site "Amager"]
[Date "2025.11.14"]
[Round "3.1"]
[White "Loftgaard, Mikkel Vinh"]
[Black "Thorsbro, Peter"]
[Result "1/2-1/2"]
[WhiteElo "2342"]
[BlackElo "2144"]
[WhiteFideId "1468480"]
[BlackFideId "1406671"]
[EventDate "2025.11.14"]
[EventType "swiss"]
[EventRounds "7"]
[EventCountry "DEN"]
[SourceTitle "Live v. Kasper Jerwiarz"]

1. e4 e5 2. Nf3 Nc6 3. d4 exd4 4. Nxd4 Nf6 5. Nc3 Bc5 6. Nxc6 bxc6 7. Bd3 O-O 8. O-O d5 9. exd5 cxd5 10. Bg5 c6 11. a3 Bb6 12. Ne2 Bg4 13. Kh1 Re8 14. f3 Bh5 15. Nf4 Bg6 16. Nxg6 hxg6 17. f4 Qd6 18. f5 gxf5 19. Bxf6 Qxf6 20. Bxf5 Qg5 21. Bd7 Re5 22. Bxc6 Rc8 23. Bb5 Qh4 24. Qf3 f6 25. g3 Qh6 26. Bd3 Rce8 27. Qg2 Bc7 28. Bb5 R8e7 29. Rad1 Qh5 30. Bc6 Qxd1 31. Rxd1 Re1+ 32. Qg1 Rxg1+ 33. Kxg1 d4 34. Kf1 Be5 35. b4 Rc7 36. b5 Kf7 37. Ke2 Ke6 38. Kd3 Kd6 39. Kc4 Ke6 40. a4 g5 41. g4 Rh7 42. a5 Rxh2 43. Be4 Rh3 44. Rd3 Rxd3 45. cxd3 Bc7 46. b6 axb6 47. a6 Bb8 48. Kb5 Ba7 49. Kc6 b5 50. Kb7 b4 51. Kxa7 b3 52. Kb8 b2 53. a7 b1=Q+ 54. Bb7 Qxd3 55. a8=Q Ke5 56. Kc7 Qc4+ 57. Bc6 Qf7+ 58. Bd7 Qc4+ 59. Bc6 1/2-1/2

[Event "Atina Open og KM 2025"]
[Site "Amager"]
[Date "2025.11.14"]
[Round "3.2"]
[White "Wahlgreen, Noah Krug"]
[Black "Hoi, Carsten"]
[Result "1-0"]
[WhiteElo "2102"]
[BlackElo "2282"]
[WhiteFideId "1457349"]
[BlackFideId "1400100"]
[EventDate "2025.11.14"]
[EventType "swiss"]
[EventRounds "7"]
[EventCountry "DEN"]
[SourceTitle "Live v. Kasper Jerwiarz"]

1. e4 e5 2. Nf3 Nc6 3. Bb5 a6 4. Ba4 d6 5. O-O Nf6 6. d3 g6 7. c3 Bg7 8. Re1 O-O 9. Nbd2 Bd7 10. Nf1 Nh5 11. Bb3 Kh8 12. d4 Bg4 13. d5 Ne7 14. h3 Bd7 15. c4 b6 16. Bc2 h6 17. N1h2 Ng8 18. Rb1 Qe7 19. b4 Nf4 20. c5 g5 21. Be3 b5 22. a4 bxa4 23. Bxa4 Bb5 24. Bc2 Nf6 25. h4 g4 26. Bxf4 gxf3 27. Bg3 fxg2 28. Kxg2 Rg8 29. Kh1 Nh7 30. Qh5 Bf8 31. Re3 Rg6 32. f4 Nf6 33. Qf3 exf4 34. Bxf4 Nd7 35. e5 dxe5 36. Bxg6 fxg6 37. d6 Qf7 38. Bg3 Qxf3+ 39. Nxf3 cxd6 40. cxd6 Bc6 41. Kg1 Bg7 42. Nxe5 Bxe5 43. Bxe5+ Kg8 44. Bf4 Kg7 45. Re7+ Kf6 46. Bxh6 Ne5 47. Bg7+ 1-0

[Event "Atina Open og KM 2025"]
[Site "Amager"]
[Date "2025.11.14"]
[Round "3.3"]
[White "Lauridsen, Jesper Morch"]
[Black "Olsen, Michael Richard W"]
[Result "1-0"]
[WhiteElo "2241"]
[BlackElo "2088"]
[WhiteFideId "1401890"]
[BlackFideId "1440969"]
[EventDate "2025.11.14"]
[EventType "swiss"]
[EventRounds "7"]
[EventCountry "DEN"]
[SourceTitle "Live v. Kasper Jerwiarz"]

1. e4 c6 2. d4 d5 3. exd5 cxd5 4. c4 e6 5. Nc3 Nf6 6. Nf3 Be7 7. cxd5 exd5 8. Bd3 Nc6 9. h3 h6 10. O-O Be6 11. Re1 Qd7 12. Ne5 Qc8 13. Bf4 Nd7 14. Ng6 fxg6 15. Rxe6 O-O 16. Nxd5 Bf6 17. Qg4 Rf7 18. Bxg6 Nxd4 19. Bxf7+ Kxf7 20. Rae1 Nxe6 21. Qxe6+ 1-0

[Event "Atina Open og KM 2025"]
[Site "Amager"]
[Date "2025.11.14"]
[Round "3.5"]
[White "Jarlskov, Daniel Tuk Hartso"]
[Black "Mollasoltani, Aryan"]
[Result "1-0"]
[WhiteElo "2183"]
[BlackElo "1972"]
[WhiteFideId "1463896"]
[BlackFideId "1465716"]
[EventDate "2025.11.14"]
[EventType "swiss"]
[EventRounds "7"]
[EventCountry "DEN"]
[SourceTitle "Live v. Kasper Jerwiarz"]

1. d4 Nf6 2. c4 g6 3. h4 c6 4. Nc3 d5 5. Bg5 Bg7 6. e3 Na6 7. Be2 Nc7 8. h5 Ne6 9. Bxf6 Bxf6 10. cxd5 cxd5 11. Bb5+ Kf8 12. Qf3 Nc7 13. Bd3 g5 14. h6 b5 15. Nge2 a6 16. Ng3 Be6 17. Nh5 Ne8 18. O-O-O Rc8 19. Kb1 Qd6 20. Rc1 g4 21. Qe2 Bg5 22. Ng3 Nf6 23. Nf5 Qd7 24. Ng7 Ne8 25. Rh5 Bf6 26. Nxe6+ Qxe6 27. Nxd5 Rxc1+ 28. Kxc1 Nd6 29. Kb1 Qd7 30. Nxf6 exf6 31. Qc2 Ke7 32. Rc5 Rc8 33. Bxh7 Nc4 34. Bf5 1-0

[Event "Atina Open og KM 2025"]
[Site "Amager"]
[Date "2025.11.14"]
[Round "3.6"]
[White "Skovgaard, Andreas"]
[Black "Nielsen, Viktor Haarmark"]
[Result "1-0"]
[WhiteElo "2073"]
[BlackElo "2380"]
[WhiteFideId "1450760"]
[BlackFideId "1444492"]
[EventDate "2025.11.14"]
[EventType "swiss"]
[EventRounds "7"]
[EventCountry "DEN"]
[SourceTitle "Live v. Kasper Jerwiarz"]

1. d4 d5 2. c4 c6 3. Nc3 Nf6 4. Nf3 e6 5. Bg5 h6 6. Bxf6 Qxf6 7. e4 dxe4 8. Nxe4 Bb4+ 9. Ke2 Qd8 10. a3 Be7 11. g3 O-O 12. Bg2 b6 13. Re1 Bb7 14. Kf1 Nd7 15. b4 Qc7 16. c5 Ba6+ 17. Kg1 Rfd8 18. Qb3 Bb7 19. Rad1 Nf6 20. Qc2 Nxe4 21. Qxe4 Bf6 22. Ne5 bxc5 23. bxc5 Rac8 24. Bf1 Bxe5 25. dxe5 Rd5 26. Bd3 g6 27. Bc4 Rxc5 28. Bxe6 fxe6 29. Qxg6+ Qg7 30. Qxe6+ Qf7 31. Qg4+ Qg7 32. Qxg7+ Kxg7 33. Rd7+ Kg6 34. Rxb7 Re8 35. Rxa7 Rexe5 36. Rxe5 Rxe5 37. Rc7 Rc5 38. a4 Kf6 39. a5 Rxa5 40. Rxc6+ Kg5 41. h4+ Kh5 42. Kg2 Ra3 43. Rc5+ Kg6 44. g4 Rb3 45. Rc6+ Kg7 46. f3 Rb4 47. h5 Ra4 48. Rg6+ Kh7 49. Kg3 Ra1 50. Re6 Kg7 51. Re7+ Kg8 52. Kf4 Ra3 53. Ke4 Ra4+ 54. Kf5 Ra5+ 55. Kf6 Ra6+ 56. Re6 Ra4 57. Kg6 Kf8 58. Kxh6 Kf7 59. Re4 Ra3 60. f4 Ra6+ 61. Kg5 Ra5+ 62. f5 1-0

[Event "Atina Open og KM 2025"]
[Site "Amager"]
[Date "2025.11.14"]
[Round "3.7"]
[White "Sandmann, Villads Majvang"]
[Black "Rasmussen, Casper Dahl"]
[Result "1-0"]
[WhiteElo "2051"]
[BlackElo "2312"]
[WhiteFideId "1472313"]
[BlackFideId "1402005"]
[EventDate "2025.11.14"]
[EventType "swiss"]
[EventRounds "7"]
[EventCountry "DEN"]
[SourceTitle "Live v. Kasper Jerwiarz"]

1. d4 d5 2. c4 c6 3. Nf3 Nf6 4. e3 Bf5 5. Nc3 e6 6. Nh4 Be4 7. f3 Bg6 8. Qb3 Qc7 9. Bd2 a5 10. Rc1 Be7 11. Nxg6 hxg6 12. f4 dxc4 13. Bxc4 Nbd7 14. a4 Nb6 15. Be2 Nbd5 16. Bf3 Nb4 17. O-O g5 18. e4 Nd3 19. Nb5 Qb6 20. Nd6+ Bxd6 21. Qxb6 1-0

[Event "Atina Open og KM 2025"]
[Site "Amager"]
[Date "2025.11.14"]
[Round "3.8"]
[White "Slater Jones, Henry"]
[Black "Falkesgaard, Jeppe Hald"]
[Result "0-1"]
[WhiteElo "1978"]
[BlackElo "2252"]
[WhiteFideId "3222101"]
[BlackFideId "1464981"]
[EventDate "2025.11.14"]
[EventType "swiss"]
[EventRounds "7"]
[EventCountry "DEN"]
[SourceTitle "Live v. Kasper Jerwiarz"]

1. d4 d5 2. c4 c6 3. Nf3 Nf6 4. e3 e6 5. Bd3 Nbd7 6. O-O Bd6 7. Nbd2 O-O 8. b3 e5 9. dxe5 Nxe5 10. Be2 Qe7 11. Bb2 Rd8 12. cxd5 Nxd5 13. Nxe5 Bxe5 14. Bxe5 Qxe5 15. Nf3 Qf6 16. Qc2 Bf5 17. Qc4 Nc3 18. Nd4 Nxe2+ 19. Qxe2 Be4 20. Rac1 Qg6 21. f4 Bd3 22. f5 Bxe2 23. fxg6 Bxf1 24. gxh7+ Kxh7 25. Rxf1 Rd7 26. b4 Re8 27. Rf3 f6 28. Kf2 Rd5 29. g4 a5 30. a3 axb4 31. axb4 c5 32. bxc5 Rxc5 33. Nf5 b5 34. Rf4 Rc4 35. Rxc4 bxc4 36. Nd6 c3 37. Ke2 c2 38. Kd2 Rd8 0-1

[Event "Atina Open og KM 2025"]
[Site "Amager"]
[Date "2025.11.14"]
[Round "3.9"]
[White "Moe, Anton Helsted"]
[Black "Brorsen, Jacob Abildlund"]
[Result "1/2-1/2"]
[WhiteElo "1978"]
[BlackElo "2127"]
[WhiteFideId "1475738"]
[BlackFideId "1411233"]
[EventDate "2025.11.14"]
[EventType "swiss"]
[EventRounds "7"]
[EventCountry "DEN"]
[SourceTitle "Live v. Kasper Jerwiarz"]

1. e4 e5 2. Nf3 Nc6 3. d4 exd4 4. Bc4 Nf6 5. O-O d6 6. Nxd4 Bg4 7. f3 Bd7 8. Nc3 Be7 9. Bf4 O-O 10. a4 Qc8 11. Qd2 Nxd4 12. Qxd4 Be6 13. Nd5 Nxd5 14. exd5 Bf6 15. Qd2 Bf5 16. c3 Re8 17. Rfe1 Qd7 18. a5 Rxe1+ 19. Rxe1 Qa4 20. b4 Qa3 21. Re3 h5 22. Bb5 a6 23. Bf1 Qa1 24. c4 Bd4 25. h3 Re8 26. Kf2 Bxe3+ 27. Bxe3 Qb1 28. g4 Bg6 29. Be2 Qc2 30. Qxc2 Bxc2 31. gxh5 Bf5 32. h4 Bd7 33. h6 g6 34. Bd4 Kh7 35. c5 dxc5 36. bxc5 Kxh6 37. c6 bxc6 38. Bxa6 Ra8 39. Bb7 Rxa5 40. dxc6 Be8 41. Be3+ Kh5 42. Kg3 Re5 43. Bf4 Re7 44. Bc8 f5 45. Bb7 Bf7 46. Bg5 Re6 47. Bd8 Be8 48. Bxc7 Bxc6 49. Bxc6 Rxc6 50. Bf4 Rc4 51. Bg5 Rd4 52. Bf6 f4+ 53. Kh3 Rd3 54. Kg2 Rb3 55. Bg5 Rb4 56. Kh3 Rc4 57. Kg2 Rc5 58. Bxf4 Kxh4 59. Bg3+ Kg5 60. Bf2 Rc2 61. Kg3 Ra2 62. Be3+ Kf5 63. Bf2 Rc2 64. Bb6 Rc3 65. Ba5 Rb3 66. Bc7 g5 67. Kg2 Rc3 68. Bb8 Rd3 69. Bc7 Kg6 70. Kg3 Kh5 71. Kg2 Rc3 72. Be5 Rb3 73. Bd6 Rb2+ 74. Kg3 Rc2 75. Bb8 Rc3 76. Kg2 Kg6 77. Be5 Rb3 78. Bc7 Kf5 79. Bd6 Rd3 80. Bc7 Rd1 81. Bb8 Rd2+ 82. Kg3 Rc2 83. Bd6 Ke6 84. Bb8 Rc4 85. f4 Rb4 86. Bc7 Rb7 87. Bd8 Rb3+ 88. Kg4 gxf4 1/2-1/2

[Event "Atina Open og KM 2025"]
[Site "Amager"]
[Date "2025.11.14"]
[Round "3.10"]
[White "Medhus, Vitus Bondo"]
[Black "Andries, Leia"]
[Result "1-0"]
[WhiteElo "2354"]
[BlackElo "1843"]
[WhiteFideId "1462547"]
[BlackFideId "1469207"]
[EventDate "2025.11.14"]
[EventType "swiss"]
[EventRounds "7"]
[EventCountry "DEN"]
[SourceTitle "Live v. Kasper Jerwiarz"]

1. e4 e5 2. Nf3 Nc6 3. Bb5 a6 4. Ba4 Nf6 5. O-O Be7 6. Re1 b5 7. Bb3 O-O 8. c3 d5 9. exd5 Nxd5 10. Nxe5 Nxe5 11. Rxe5 c6 12. d3 Bd6 13. Re1 Bf5 14. Qf3 Re8 15. Rxe8+ Qxe8 16. Nd2 Qe1+ 17. Nf1 Bg6 18. h3 Re8 19. Bd1 Nxc3 20. bxc3 Qxc3 21. Rb1 Re1 22. Bf4 Bxf4 23. Qxf4 h6 24. Bc2 Rxb1 25. Bxb1 Qb2 26. Nd2 c5 27. h4 c4 28. h5 c3 29. hxg6 fxg6 30. Nb3 Qxb1+ 31. Nc1 Qc2 32. d4 a5 33. d5 b4 34. d6 Qd2 35. Qc4+ Kh7 36. Nd3 c2 37. Kh2 Qxd3 38. Qxd3 c1=Q 39. d7 Qc7+ 40. g3 Qd8 41. Qd5 a4 42. Qe6 b3 43. axb3 axb3 44. Qe8 Qb6 45. d8=Q Qxf2+ 46. Kh3 Qf1+ 47. Kh4 Qh1+ 48. Kg4 h5+ 49. Kf4 Qc1+ 50. Ke5 Qc3+ 51. Ke6 Qe3+ 52. Kd7 Qd4+ 53. Kc8 Qc4+ 54. Qc7 Qa6+ 55. Qb7 Qc4+ 56. Kb8 Qc3 57. Qeb5 Qxg3+ 58. Ka7 Qe3+ 59. Q7b6 Qe7+ 60. Ka6 Qa3+ 61. Q5a5 Qb2 62. Qab4 Qa2+ 63. Kb7 Qg2+ 64. Kc7 Qh2+ 65. Kc6 Qg2+ 66. Kc5 Qc2+ 67. Kd4 Qb2+ 68. Ke3 Qc1+ 69. Ke4 Qc2+ 70. Ke5 Qe2+ 71. Kd5 Qg2+ 72. Kc4 Qc2+ 73. Qc3 1-0

[Event "Atina Open og KM 2025"]
[Site "Amager"]
[Date "2025.11.14"]
[Round "3.11"]
[White "Jalving, August"]
[Black "Frederiksen, Henrik"]
[Result "1-0"]
[WhiteElo "2276"]
[BlackElo "2129"]
[WhiteFideId "1471759"]
[EventDate "2025.11.14"]
[EventType "swiss"]
[EventRounds "7"]
[EventCountry "DEN"]
[SourceTitle "Live v. Kasper Jerwiarz"]

1. e4 c5 2. Nf3 d6 3. d4 cxd4 4. Nxd4 Nf6 5. Nc3 g6 6. Be3 Bg7 7. f3 Nc6 8. Qd2 O-O 9. O-O-O d5 10. exd5 Nxd5 11. Nxc6 bxc6 12. Bd4 Bxd4 13. Qxd4 Qb6 14. Qe5 Be6 15. Nxd5 cxd5 16. Bd3 Rab8 17. Rde1 Rfc8 18. h4 d4 19. b3 Rc5 20. Qf4 Rbc8 21. Kb1 Rc3 22. Qd2 a5 23. h5 Qb4 24. Re2 a4 25. hxg6 axb3 26. gxf7+ Kxf7 27. cxb3 Rxb3+ 28. Ka1 Qxd2 29. Rxd2 Rbc3 30. Rxh7+ Kg8 31. Rxe7 Bf7 32. g4 Rb8 33. Re1 Ra8 34. Be4 Ra4 35. g5 Bc4 36. Rh1 d3 37. g6 Rca3 38. Rhh2 Kg7 39. Rhg2 Ba6 40. Rg1 Rc3 41. Rgd1 Raa3 42. Rh1 Bc4 43. Rh7+ Kg8 44. Rc7 Rc1+ 45. Kb2 Rac3 46. Rxc4 Rxc4 47. Bd5+ Kg7 48. Bxc4 Rxc4 49. Rxd3 1-0

[Event "Atina Open og KM 2025"]
[Site "Amager"]
[Date "2025.11.14"]
[Round "3.12"]
[White "Laursen, Niels Norskov"]
[Black "Rosenlund, Thorbjorn"]
[Result "1-0"]
[WhiteElo "2193"]
[BlackElo "2061"]
[WhiteFideId "1404709"]
[BlackFideId "1400614"]
[EventDate "2025.11.14"]
[EventType "swiss"]
[EventRounds "7"]
[EventCountry "DEN"]
[SourceTitle "Live v. Kasper Jerwiarz"]

1. e4 c5 2. Nf3 e6 3. d4 cxd4 4. Nxd4 Nf6 5. Nc3 Nc6 6. Be2 Bb4 7. Nxc6 bxc6 8. Qd3 d5 9. exd5 Qxd5 10. Bd2 Qxd3 11. Bxd3 Nd5 12. Ne4 Be7 13. O-O-O a5 14. a3 Ba6 15. Bxa6 Rxa6 16. Bg5 f6 17. Be3 Nxe3 18. fxe3 f5 19. Nd6+ Bxd6 20. Rxd6 Ke7 21. Rhd1 Rb8 22. Rd7+ Kf6 23. Rc7 Rab6 24. b3 R8b7 25. Rdd7 Rxc7 26. Rxc7 h6 27. Kd2 g5 28. Kd3 h5 29. g3 Ke5 30. Rh7 c5 31. Rxh5 Rd6+ 32. Ke2 g4 33. Rh7 c4 34. Ra7 Rd5 35. bxc4 Rc5 36. Kd3 Rb5 1-0

[Event "Atina Open og KM 2025"]
[Site "Amager"]
[Date "2025.11.15"]
[Round "4.1"]
[White "Wahlgreen, Noah Krug"]
[Black "Lauridsen, Jesper Morch"]
[Result "1-0"]
[WhiteElo "2102"]
[BlackElo "2241"]
[WhiteFideId "1457349"]
[BlackFideId "1401890"]
[EventDate "2025.11.14"]
[EventType "swiss"]
[EventRounds "7"]
[EventCountry "DEN"]
[SourceTitle "Live v. Kasper Jerwiarz"]

1. e4 c5 2. Nf3 d6 3. d4 cxd4 4. Nxd4 Nf6 5. Nc3 g6 6. Be3 Bg7 7. f3 O-O 8. Qd2 Nc6 9. O-O-O Bd7 10. g4 Rc8 11. Kb1 Ne5 12. Be2 Re8 13. h4 Qa5 14. Nb3 Qc7 15. h5 Nc4 16. Bxc4 Qxc4 17. hxg6 fxg6 18. e5 Nxg4 19. fxg4 Bxe5 20. Bd4 Bxd4 21. Nxd4 e5 22. Nf5 Bxf5 23. gxf5 Qf4 24. Qxd6 Qxf5 25. Rhf1 Qe6 26. Rf8+ 1-0

[Event "Atina Open og KM 2025"]
[Site "Amager"]
[Date "2025.11.15"]
[Round "4.2"]
[White "Sandmann, Villads Majvang"]
[Black "Loftgaard, Mikkel Vinh"]
[Result "1/2-1/2"]
[WhiteElo "2051"]
[BlackElo "2342"]
[WhiteFideId "1472313"]
[BlackFideId "1468480"]
[EventDate "2025.11.14"]
[EventType "swiss"]
[EventRounds "7"]
[EventCountry "DEN"]
[SourceTitle "Live v. Kasper Jerwiarz"]

1. d4 Nf6 2. c4 e6 3. Nf3 d5 4. g3 c5 5. cxd5 exd5 6. Bg2 Nc6 7. O-O h6 8. b3 Bg4 9. Bb2 Rc8 10. Nc3 a6 11. Rc1 Bxf3 12. Bxf3 cxd4 13. Nb1 Be7 14. Bxd4 Nxd4 15. Qxd4 O-O 16. Rxc8 Qxc8 17. Nc3 Bc5 18. Qd3 d4 19. Ne4 Nxe4 20. Bxe4 Ba7 1/2-1/2

[Event "Atina Open og KM 2025"]
[Site "Amager"]
[Date "2025.11.15"]
[Round "4.3"]
[White "Falkesgaard, Jeppe Hald"]
[Black "Jaksland, Tim"]
[Result "0-1"]
[WhiteElo "2252"]
[BlackElo "2102"]
[WhiteFideId "1464981"]
[BlackFideId "1401084"]
[EventDate "2025.11.14"]
[EventType "swiss"]
[EventRounds "7"]
[EventCountry "DEN"]
[SourceTitle "Live v. Kasper Jerwiarz"]

1. c4 c5 2. g3 g6 3. Bg2 Bg7 4. Nc3 Nc6 5. d3 d6 6. Nf3 e6 7. O-O Nge7 8. Qd2 O-O 9. b3 b6 10. Bb2 Bb7 11. a3 Qd7 12. Ne4 Nd4 13. Nxd4 cxd4 14. Qc2 d5 15. Ng5 Rac8 16. Nf3 dxc4 17. dxc4 e5 18. Rad1 Rfd8 19. Ne1 Bxg2 20. Nxg2 Qc6 21. Qd2 b5 22. Qb4 Qc5 23. Qxb5 Qxb5 24. cxb5 Rc2 25. Ba1 Rxe2 26. Ne3 Rb8 27. Nc4 Rxb5 28. f4 exf4 29. Rxf4 Rxb3 30. Bxd4 Bxd4+ 31. Rfxd4 Rc3 32. a4 Nf5 33. Rd8+ Kg7 34. Nd2 Ra3 35. Nf1 Rxa4 36. R8d2 Rxd2 37. Rxd2 h5 38. Kf2 a5 39. Rb2 Ra1 40. Nd2 a4 0-1

[Event "Atina Open og KM 2025"]
[Site "Amager"]
[Date "2025.11.15"]
[Round "4.4"]
[White "Nielsen, Lars Aaes"]
[Black "Skovgaard, Andreas"]
[Result "1-0"]
[WhiteElo "2149"]
[BlackElo "2073"]
[WhiteFideId "1401726"]
[BlackFideId "1450760"]
[EventDate "2025.11.14"]
[EventType "swiss"]
[EventRounds "7"]
[EventCountry "DEN"]
[SourceTitle "Live v. Kasper Jerwiarz"]

1. e4 c5 2. c3 Nf6 3. e5 Nd5 4. Nf3 d6 5. d4 cxd4 6. cxd4 Nc6 7. Bc4 Nb6 8. Bb5 dxe5 9. Nxe5 Bd7 10. Bxc6 Bxc6 11. Nxc6 bxc6 12. O-O g6 13. Nc3 Bg7 14. Be3 O-O 15. Rc1 Nc4 16. b3 Nxe3 17. fxe3 e5 18. d5 Qg5 19. dxc6 Qxe3+ 20. Kh1 Qg5 21. c7 Qe7 22. Nd5 Qa3 23. b4 Qa6 24. Ne7+ Kh8 25. Qd7 Bh6 26. b5 Qb7 27. c8=Q Raxc8 28. Qxb7 Rxc1 29. Rxc1 Bxc1 30. Qxa7 Rd8 31. Nd5 Kg7 32. Qc5 Ba3 33. Qxa3 Rxd5 34. Qb3 Rd8 35. Kg1 1-0

[Event "Atina Open og KM 2025"]
[Site "Amager"]
[Date "2025.11.15"]
[Round "4.6"]
[White "Moe, Arthur Helsted"]
[Black "Medhus, Vitus Bondo"]
[Result "0-1"]
[WhiteElo "2019"]
[BlackElo "2354"]
[WhiteFideId "1477307"]
[BlackFideId "1462547"]
[EventDate "2025.11.14"]
[EventType "swiss"]
[EventRounds "7"]
[EventCountry "DEN"]
[SourceTitle "Live v. Kasper Jerwiarz"]

1. Nf3 c5 2. c4 Nc6 3. e3 Nf6 4. Nc3 g6 5. b3 Bg7 6. Bb2 O-O 7. Be2 b6 8. O-O Bb7 9. d4 cxd4 10. Nxd4 Nxd4 11. Qxd4 d5 12. Na4 dxc4 13. Bxc4 Qe8 14. Rfd1 b5 15. Nc5 bxc4 16. Nxb7 Nh5 17. Qd2 Bxb2 18. Qxb2 Qb5 19. g4 Ng7 20. Rd4 Qxb7 21. Rxc4 Ne6 22. f4 Qf3 23. Qc3 Qxg4+ 24. Kf2 Rad8 25. Rg1 Qh4+ 26. Ke2 0-1